000 00870nas a2200265Ia 4500
001 A50//R028-4021 [r000001142]
003 IT-MiCISF
008 161014c99999999xx |||||||||||| ||und||
040 _aIT-MiCISF
_cIT-MiCISF
041 _aITALIANO
100 _aCampanini Giorgio
210 _aLa famiglia
222 _aLa famiglia
245 0 _aI minori e la violenza sessuale: fra il costume e la legge
250 _a1a ed.
260 _c1985
501 _bCISF - Centro Internazionale Studi Famiglia - Via Giotto, 36 20145 MILANO (non commercial uses only)
_cCopyright 2016
300 _app. 65-74
362 _a114, nov-dic. [1985]
500 _a Tema: giovani, sessualità, teoria, comportamento-sessuale, morale, società, abuso-di-minore, legge
650 _asessualità
_varticolo
700 _aAA.VV.
942 _cCR
957 _71
999 _a4021
_bSi
_g1
_c221985
_d221985